[Event "TCh-CHN DivA Regular"]
[Site "Fuling CHN"]
[Date "2023.06.08"]
[Round "4.4"]
[Board "3"]
[White "Ma, Qun"]
[Black "Lou, Yiping"]
[Result "1-0"]
[WhiteTitle "GM"]
[BlackTitle "IM"]
[WhiteElo "2648"]
[BlackElo "2482"]
[WhiteTeam "Hangzhou Bank"]
[BlackTeam "Shanghai"]
[WhiteFideId "8603154"]
[BlackFideId "8603928"]
[EventDate "2023.06.05"]
[EventType "team"]

1. e4 e5 2. Nf3 Nc6 3. Bb5 Nf6 4. d3 Bc5 5. c3 O-O 6. O-O d6 7. h3 Ne7 8. d4 Bb6
9. Re1 Ng6 10. Nbd2 c6 11. Bf1 Re8 12. dxe5 Nxe5 13. Nxe5 Rxe5 14. Bd3 d5 15.
Nf3 Re8 16. e5 Ne4 17. Bxe4 dxe4 18. Qxd8 Rxd8 19. Ng5 Bf5 20. Bf4 e3 21. Bxe3
Bxe3 22. Rxe3 Rd2 23. g4 Bg6 24. b4 a5 25. a3 axb4 26. cxb4 h6 27. Nf3 Rb2 28.
Rc1 Ra2 29. Rcc3 Rd8 30. Kg2 Kf8 31. Kg3 Ra1 32. Re1 Ra2 33. Nh4 Rdd2 34. Rf3
Bd3 35. e6 f6 36. Ree3 Bh7 37. Nf5 Bxf5 38. gxf5 Rd5 39. Rd3 Rd2 40. Rxd2 Rxd2
41. Kg4 Rd1 42. Kh5 Rg1 43. Rg3 Rf1 44. Rd3 Rxf2 45. Rd8+ Ke7 46. Rd7+ Kf8 47.
Kg6 Rg2+ 48. Kh7 Rg5 49. Rf7+ Ke8 50. Rxb7 Rxf5 51. Kxg7 Rf3 52. a4 Rxh3 53.
Kxf6 Rf3+ 54. Ke5 h5 55. a5 1-0

[Event "TCh-CHN DivA Regular"]
[Site "Fuling CHN"]
[Date "2023.06.08"]
[Round "4.4"]
[Board "5"]
[White "Yan, Tianqi"]
[Black "Ni, Shiqun"]
[Result "1/2-1/2"]
[WhiteTitle "WIM"]
[BlackTitle "WGM"]
[WhiteElo "2246"]
[BlackElo "2323"]
[WhiteTeam "Hangzhou Bank"]
[BlackTeam "Shanghai"]
[WhiteFideId "8615250"]
[BlackFideId "8608466"]
[EventDate "2023.06.05"]
[EventType "team"]

1. e4 e5 2. Nf3 Nf6 3. d4 Nxe4 4. Bd3 d5 5. Nxe5 Nd7 6. O-O Nxe5 7. dxe5 Nc5 8.
Be3 c6 9. f4 Nxd3 10. Qxd3 g6 11. Nc3 Bf5 12. Qd2 d4 13. Qxd4 Qxd4 14. Bxd4 Bxc2
15. e6 Rg8 16. Rfe1 Bf5 17. Ne4 Bxe4 18. Rxe4 Bd6 19. Bf6 fxe6 20. Rd1 Bc5+ 21.
Kf1 Kf7 22. Bg5 h6 23. Bxh6 Rad8 24. Rxd8 Rxd8 25. Bg5 Rd2 26. Re2 Rd1+ 27. Re1
Rd2 28. Re2 Rd1+ 29. Re1 Rd2 30. Re2 Rd1+ 1/2-1/2

[Event "TCh-CHN DivA Regular"]
[Site "Fuling CHN"]
[Date "2023.06.08"]
[Round "4.5"]
[Board "1"]
[White "Zhao, Jun"]
[Black "Wang, Shixu B"]
[Result "1-0"]
[WhiteTitle "GM"]
[BlackTitle "IM"]
[WhiteElo "2584"]
[BlackElo "2413"]
[WhiteTeam "Shandong"]
[BlackTeam "Tianjin"]
[WhiteFideId "8602522"]
[BlackFideId "8610665"]
[EventDate "2023.06.05"]
[EventType "team"]

1. c4 e6 2. Nc3 d5 3. d4 Nf6 4. cxd5 exd5 5. Bg5 Be7 6. e3 O-O 7. Bd3 h6 8. Bxf6
Bxf6 9. Nf3 c6 10. O-O Nd7 11. b4 Nb6 12. Nd2 Qe7 13. Rb1 Be6 14. Na4 Nc4 15.
Nc5 b6 16. Nxe6 Qxe6 17. Nxc4 dxc4 18. Bc2 b5 19. Qf3 Rfe8 20. a4 a6 21. Ra1 Qd5
22. Qf4 a5 23. axb5 cxb5 24. Bd1 Qd8 25. Bf3 Ra6 26. Qf5 Qb6 27. bxa5 Rxa5 28.
Rxa5 Qxa5 29. Bc6 Rb8 30. Rb1 c3 31. g3 Qc7 32. Rxb5 g6 33. Qc2 Rxb5 34. Bxb5
Kg7 35. Bd3 Qa5 36. Be4 Qb4 37. Kg2 Be7 38. Qa2 Qa3 39. Qc4 Qb4 40. Qc6 Qa5 41.
Bc2 Bd8 42. Bb3 Qc7 43. Qxc7 Bxc7 44. Kf3 f5 45. Ke2 h5 46. Kd3 h4 47. Kxc3 g5
48. Kb4 Kf6 49. Kb5 Bd6 50. Bd1 g4 51. Bc2 hxg3 52. hxg3 Ba3 53. Kc4 Bd6 54. Ba4
Bc7 55. Kb5 Bd6 56. Bd1 Ba3 57. Kc4 Bd6 58. Ba4 Bc7 59. Kb5 Bd6 60. Bc2 Ba3 61.
Bd3 Bd6 62. Bb1 Ba3 63. Kc6 Bb4 64. d5 Ke5 65. Bd3 Ba3 66. Bc2 Bb4 67. Bb1 Ba3
68. Bd3 Bb4 69. Be2 Ba3 70. e4 Kxe4 71. d6 Kd4 72. Bd1 Kd3 73. d7 Be7 74. Kd5
Kd2 75. Ke6 Bd8 76. Kxf5 Kxd1 77. Kxg4 Ke2 78. Kf5 1-0

[Event "TCh-CHN DivA Regular"]
[Site "Fuling CHN"]
[Date "2023.06.08"]
[Round "4.5"]
[Board "2"]
[White "Wang, Yue"]
[Black "Liu, Qingnan"]
[Result "1/2-1/2"]
[WhiteTitle "GM"]
[BlackTitle "GM"]
[WhiteElo "2674"]
[BlackElo "2532"]
[WhiteTeam "Tianjin"]
[BlackTeam "Shandong"]
[WhiteFideId "8601429"]
[BlackFideId "8603294"]
[EventDate "2023.06.05"]
[EventType "team"]

1. d4 Nf6 2. c4 e6 3. Nf3 d5 4. g3 Be7 5. Bg2 O-O 6. Qc2 c5 7. dxc5 Qa5+ 8. Nc3
dxc4 9. O-O Bd7 10. Ne5 Bc6 11. Nxc6 Nxc6 12. Bxc6 bxc6 13. Na4 Qb5 14. Bg5 h6
15. Bxf6 Bxf6 16. Rac1 Rab8 17. Rfd1 Rfd8 18. Rd6 Be7 19. Rxd8+ Rxd8 20. Kg2
Bxc5 21. Qxc4 Bb4 22. Qxb5 cxb5 23. Nc5 Bxc5 24. Rxc5 a6 25. Rc2 g5 26. Kf3 Kg7
27. Ke3 Rd6 28. Rc5 f5 29. h3 Kf6 30. b3 e5 31. g4 f4+ 32. Kf3 Rd4 33. Rc6+ Ke7
34. e4 Rd6 35. Rc7+ Rd7 36. Rc6 Rd6 37. Rc5 Ke6 38. Ke2 Rd7 39. Rc8 Rd6 40. Rc7
Rd7 41. Rc8 Rd6 42. Re8+ Kf6 43. Rh8 Kg7 44. Ra8 Kf7 45. Ra7+ Ke8 46. Rc7 Kd8
47. Rc5 Re6 48. Rd5+ Kc7 49. a4 Kb6 50. Kd3 Ka5 51. Kc3 Rc6+ 52. Kb2 Kb4 53.
axb5 axb5 54. Rxe5 Rd6 55. Kc2 Ra6 56. Kb2 Rd6 57. Kc2 Ra6 1/2-1/2

[Event "TCh-CHN DivA Regular"]
[Site "Fuling CHN"]
[Date "2023.06.08"]
[Round "4.5"]
[Board "3"]
[White "Huang, Renjie"]
[Black "Dai, Changren"]
[Result "0-1"]
[BlackTitle "GM"]
[WhiteElo "2406"]
[BlackElo "2515"]
[WhiteTeam "Shandong"]
[BlackTeam "Tianjin"]
[WhiteFideId "8610134"]
[BlackFideId "8608156"]
[EventDate "2023.06.05"]
[EventType "team"]

1. e4 e5 2. Nf3 Nc6 3. Bc4 Bc5 4. c3 Nf6 5. d3 d6 6. Nbd2 O-O 7. O-O a5 8. h3
Be6 9. Re1 Ba7 10. Bb5 Ne7 11. d4 Ng6 12. Nf1 exd4 13. Nxd4 d5 14. e5 Nd7 15. f4
Qh4 16. Be3 c6 17. Nxe6 Bxe3+ 18. Rxe3 fxe6 19. g3 Qxh3 20. Bd3 Nc5 21. Bc2 Ne7
22. Re2 Qh5 23. Rh2 Qxd1 24. Bxh7+ Kf7 25. Rxd1 g6 26. Ne3 Kg7 27. Kg2 Rh8 28.
Rdh1 Ne4 29. Rh6 Raf8 30. R1h2 b5 31. a3 c5 32. Ng4 b4 33. axb4 axb4 34. cxb4
Rb8 35. Nf6 Rxb4 36. Nxe4 dxe4 37. Kf1 Ra8 0-1

[Event "TCh-CHN DivA Regular"]
[Site "Fuling CHN"]
[Date "2023.06.08"]
[Round "4.5"]
[Board "4"]
[White "Xiao, Yiyi"]
[Black "Zhang, Xiao"]
[Result "1-0"]
[WhiteTitle "WGM"]
[WhiteElo "2331"]
[BlackElo "2147"]
[WhiteTeam "Tianjin"]
[BlackTeam "Shandong"]
[WhiteFideId "8606161"]
[BlackFideId "8610894"]
[EventDate "2023.06.05"]
[EventType "team"]

1. e4 c6 2. d4 d5 3. exd5 cxd5 4. Nf3 Nf6 5. Ne5 Nc6 6. Bb5 Bd7 7. Nxd7 Qxd7 8.
c3 e6 9. O-O Bd6 10. Nd2 O-O 11. Re1 Qc7 12. g3 a6 13. Bd3 e5 14. dxe5 Nxe5 15.
Nf3 Nxd3 16. Qxd3 h6 17. Be3 Bc5 18. Bd4 Bxd4 19. Nxd4 Rfe8 20. Nf5 Qd7 21. Qf3
Re6 22. Rad1 Rae8 23. Rxe6 Qxe6 24. Ne3 Qe4 25. Kg2 Qxf3+ 26. Kxf3 Re5 27. Rd4
Kf8 28. h4 h5 29. Kf4 Re7 30. f3 g6 31. g4 hxg4 32. fxg4 Re6 33. g5 Nh5+ 34. Kf3
f6 35. Rxd5 Ke7 36. Rd4 fxg5 37. hxg5 Re5 38. Re4 Ke6 39. Ng2 Rxe4 40. Kxe4 Ng3+
41. Kf3 Nh5 42. Nh4 Ke5 43. Nxg6+ Kf5 44. Nf8 Kxg5 45. Ne6+ Kf5 46. Nc5 b6 47.
Nxa6 Ke5 48. Ke3 Kd5 49. Nb4+ Kc4 50. Kd2 Nf6 51. b3+ Kc5 52. a4 Ne4+ 53. Kd3
Nf2+ 54. Ke3 Ng4+ 55. Kd2 Nf6 56. Kd3 Ng4 57. Na6+ Kd5 58. c4+ Kd6 59. Kd4 Nh6
60. b4 Nf5+ 61. Ke4 Ne7 62. b5 Nc8 63. Kd4 Ne7 64. c5+ bxc5+ 65. Nxc5 Nf5+ 66.
Kc4 Ne3+ 67. Kd3 Nd5 68. Kd4 Ne7 69. Ne4+ Kc7 70. Kc5 Ng6 71. b6+ Kb8 72. a5 Ne5
73. Kb5 Ka8 74. Nc5 Kb8 75. a6 Nf7 76. Nd7+ 1-0

[Event "TCh-CHN DivA Regular"]
[Site "Fuling CHN"]
[Date "2023.06.08"]
[Round "4.5"]
[Board "5"]
[White "Hu, Yu A."]
[Black "Zhang, Xiaowen"]
[Result "1/2-1/2"]
[BlackTitle "WGM"]
[WhiteElo "2065"]
[BlackElo "2266"]
[WhiteTeam "Shandong"]
[BlackTeam "Tianjin"]
[WhiteFideId "8609993"]
[BlackFideId "8603219"]
[EventDate "2023.06.05"]
[EventType "team"]

1. e4 e6 2. d4 d5 3. Nc3 Nf6 4. Bg5 dxe4 5. Nxe4 Nbd7 6. Nf3 h6 7. Nxf6+ Nxf6 8.
Bh4 c5 9. Bd3 cxd4 10. O-O Bd7 11. Nxd4 Bd6 12. Qe2 Qc7 13. Bg3 Bxg3 14. hxg3 h5
15. Bb5 O-O-O 16. Bxd7+ Rxd7 17. Nb5 Qb6 18. Rad1 a6 19. Qc4+ Kb8 20. Qf4+ Ka8
21. Rxd7 Nxd7 22. Nd6 g5 23. Qd2 Ne5 24. Rd1 Qxb2 25. Qxg5 Qxc2 26. Rc1 Qb2 27.
Qe3 Ng4 28. Qc5 Rd8 29. Nc8 Qd4 30. Nb6+ Ka7 31. Nc8+ Ka8 1/2-1/2

[Event "TCh-CHN DivA Regular"]
[Site "Fuling CHN"]
[Date "2023.06.08"]
[Round "4.6"]
[Board "1"]
[White "Xu, Xiangyu"]
[Black "Liu, Yan"]
[Result "1/2-1/2"]
[WhiteTitle "GM"]
[BlackTitle "GM"]
[WhiteElo "2603"]
[BlackElo "2545"]
[WhiteTeam "Chengdu"]
[BlackTeam "Chongqing Sports Lottery"]
[WhiteFideId "8608288"]
[BlackFideId "8608962"]
[EventDate "2023.06.05"]
[EventType "team"]

1. d4 Nf6 2. Bf4 d5 3. e3 e6 4. Nf3 Bd6 5. Ne5 O-O 6. Nd2 c5 7. c3 Qc7 8. Bd3 b6
9. Qe2 Nbd7 10. Ndf3 c4 11. Bc2 Bb7 12. h4 b5 13. a3 a5 14. Rh3 Ne4 15. Ng5 h6
16. Nxd7 Qxd7 17. f3 Bxf4 18. exf4 Nf6 19. Qe5 Ra6 20. Kd2 Qd6 21. Rhh1 Nd7 22.
Qxd6 Rxd6 23. Nh3 Re8 24. g4 Kf8 25. Rhe1 Rb6 26. h5 b4 27. axb4 axb4 28. Ba4
Rd8 29. g5 bxc3+ 30. bxc3 Rb2+ 31. Bc2 Ra8 32. Rxa8+ Bxa8 33. Nf2 Bc6 34. Kc1
Ra2 35. Kb1 Ra6 36. Ng4 Ba4 37. Bxa4 Rxa4 38. gxh6 gxh6 39. f5 exf5 40. Nxh6 Ra6
41. Nxf5 Rf6 42. Ne3 Nb6 43. Rf1 Re6 44. Rg1 Na4 45. Nxd5 Rd6 46. h6 Rxh6 47.
Rc1 Rh5 48. Ne3 Rh3 49. Ka2 Rxf3 50. Nd5 Rd3 51. Ka3 Nxc3 52. Nxc3 Rxd4 53. Kb4
Kg7 54. Kc5 Rg4 55. Kd5 Kg6 56. Ne2 Rg5+ 57. Kxc4 Kg7 58. Kd4 Ra5 59. Ke4 Ra4+
60. Kf5 Ra5+ 61. Kg4 Ra4+ 62. Nf4 Kf6 63. Rc5 Ra1 64. Rf5+ Ke7 65. Rh5 Ra4 66.
Rh6 Ra5 67. Kf3 Ra4 68. Nd5+ Kf8 69. Rb6 Kg7 70. Nf6 Kf8 71. Ne4 Kg7 72. Kf4 Ra1
73. Ng3 Ra4+ 74. Kg5 f6+ 75. Kf5 Ra5+ 76. Kf4 Kg6 77. Rb2 Ra1 78. Rf2 Ra5 79.
Rf1 Rb5 80. Rg1 Rg5 81. Rg2 Kf7 82. Ra2 Kg6 83. Ra6 Rb5 84. Ne4 Rf5+ 85. Ke3 Rf1
86. Rb6 Re1+ 87. Kf3 Rf1+ 88. Ke2 Rf4 89. Ke3 Rf1 90. Ng3 Ra1 91. Kf4 Ra5 92.
Rb4 Ra1 93. Kg4 Ra5 94. Ne2 Rg5+ 95. Kf3 Ra5 96. Ng3 Ra3+ 97. Kg4 Ra5 98. Kf3 1/2-1/2

[Event "TCh-CHN DivA Regular"]
[Site "Fuling CHN"]
[Date "2023.06.08"]
[Round "4.6"]
[Board "2"]
[White "Bu, Xiangzhi"]
[Black "Li, Di"]
[Result "1-0"]
[WhiteTitle "GM"]
[BlackTitle "GM"]
[WhiteElo "2694"]
[BlackElo "2575"]
[WhiteTeam "Chongqing Sports Lottery"]
[BlackTeam "Chengdu"]
[WhiteFideId "8601445"]
[BlackFideId "8607508"]
[EventDate "2023.06.05"]
[EventType "team"]

1. d4 d5 2. c4 e6 3. Nc3 Nf6 4. Bg5 dxc4 5. e3 c5 6. Nf3 cxd4 7. Nxd4 Be7 8.
Bxc4 O-O 9. O-O a6 10. Be2 h6 11. Bf4 Nbd7 12. Bg3 Re8 13. Qc2 e5 14. Nf3 Bd6
15. Rfd1 Bb8 16. Nd2 Qe7 17. Bf3 Ra7 18. Nc4 Bc7 19. a4 Nb6 20. Nxb6 Bxb6 21.
Rac1 Ra8 22. h3 e4 23. Be2 Rd8 24. Qb3 Rxd1+ 25. Rxd1 Bc7 26. Bxc7 Qxc7 27. Nd5
Nxd5 28. Qxd5 Qc2 29. Qc4 Qxb2 30. Rd8+ Kh7 31. Qxe4+ f5 32. Qe8 Qc1+ 33. Kh2
Qc7+ 34. f4 Qc6 35. Qg8+ Kg6 36. Qf8 1-0

[Event "TCh-CHN DivA Regular"]
[Site "Fuling CHN"]
[Date "2023.06.08"]
[Round "4.6"]
[Board "3"]
[White "Zhao, Yuanhe"]
[Black "Zeng, Chongsheng"]
[Result "1/2-1/2"]
[WhiteTitle "IM"]
[BlackTitle "GM"]
[WhiteElo "2461"]
[BlackElo "2581"]
[WhiteTeam "Chengdu"]
[BlackTeam "Chongqing Sports Lottery"]
[WhiteFideId "8609497"]
[BlackFideId "8603847"]
[EventDate "2023.06.05"]
[EventType "team"]

1. Nf3 d5 2. e3 c5 3. d4 cxd4 4. exd4 Nc6 5. Bd3 Bg4 6. c3 e6 7. Bf4 Nf6 8. Qb3
Qc8 9. Ne5 Bh5 10. a4 Be7 11. a5 a6 12. Nd2 O-O 13. Qa4 Nd7 14. Nxd7 Qxd7 15.
O-O Bg6 16. Be2 f6 17. Bg3 e5 18. dxe5 fxe5 19. Rfd1 Rad8 20. Nc4 Bc5 21. b4 Ba7
22. Nb6 Qe6 23. b5 Nxa5 24. Nxd5 Rxd5 25. Rxd5 Qxd5 26. Qxa5 Qd2 27. Qa2+ Qxa2
28. Rxa2 Bf7 29. Ra1 Rc8 30. bxa6 bxa6 31. Bxa6 Rxc3 32. Bxe5 Rc2 33. Bd3 Ra2
34. Rc1 Bd5 35. Bg3 Rd2 36. Bf1 Bb6 1/2-1/2

[Event "TCh-CHN DivA Regular"]
[Site "Fuling CHN"]
[Date "2023.06.08"]
[Round "4.6"]
[Board "4"]
[White "Wang, Chuqiao"]
[Black "Chu, Ruotong"]
[Result "1-0"]
[BlackTitle "WIM"]
[WhiteElo "2061"]
[BlackElo "2166"]
[WhiteTeam "Chongqing Sports Lottery"]
[BlackTeam "Chengdu"]
[WhiteFideId "8631638"]
[BlackFideId "8605653"]
[EventDate "2023.06.05"]
[EventType "team"]

1. d4 d5 2. c4 dxc4 3. Nf3 Nf6 4. e3 e6 5. Bxc4 a6 6. O-O c5 7. Nbd2 Nc6 8. dxc5
Bxc5 9. b3 O-O 10. Bb2 Be7 11. Qb1 b5 12. Be2 Bb7 13. Rd1 Nd5 14. Ne4 f5 15. Nc3
Nxc3 16. Bxc3 Qc7 17. Qb2 Bf6 18. Rac1 Rad8 19. a4 Rxd1+ 20. Rxd1 Bxc3 21. Qxc3
b4 22. Qc5 Rd8 23. Rxd8+ Qxd8 24. h3 Qd5 25. Qb6 Na5 26. Qxb4 Nxb3 27. Bc4 Qd1+
28. Kh2 Bd5 29. Ng5 1-0

[Event "TCh-CHN DivA Regular"]
[Site "Fuling CHN"]
[Date "2023.06.08"]
[Round "4.6"]
[Board "5"]
[White "Ren, Xiaoyi"]
[Black "Huang, Qian"]
[Result "1/2-1/2"]
[WhiteTitle "WIM"]
[BlackTitle "WGM"]
[WhiteElo "2079"]
[BlackElo "2431"]
[WhiteTeam "Chengdu"]
[BlackTeam "Chongqing Sports Lottery"]
[WhiteFideId "8608709"]
[BlackFideId "8602689"]
[EventDate "2023.06.05"]
[EventType "team"]

1. e4 c5 2. Nf3 Nc6 3. d4 cxd4 4. c3 d3 5. Qxd3 d6 6. Be2 Nf6 7. O-O g6 8. Rd1
Bd7 9. Bg5 Bg7 10. Na3 h6 11. Bf4 O-O 12. h3 Qc8 13. Qe3 Kh7 14. Bd3 e5 15. Bh2
Be6 16. c4 a6 17. Rac1 Qc7 18. Nc2 Nd7 19. b4 a5 20. c5 axb4 21. cxd6 Qa5 22.
Ra1 Rfd8 23. Nd2 Qc5 24. Nb3 Qxe3 25. Nxe3 Rxa2 26. Bc4 Rxa1 27. Rxa1 Bxc4 28.
Nxc4 b5 29. Nca5 Nxa5 30. Rxa5 Bf8 31. Rxb5 Bxd6 32. Rd5 Nf6 33. Rd3 Rd7 34. f3
Bc7 35. Rxd7 Nxd7 36. Kf1 f5 37. exf5 gxf5 38. Ke2 Kg6 39. Bg3 Kf6 40. Be1 Bd6
41. Kd3 h5 42. Kc4 Nb6+ 43. Kb5 Nd5 44. g4 hxg4 45. hxg4 fxg4 46. fxg4 Bf8 47.
Bd2 e4 48. g5+ Ke5 49. g6 e3 50. Bxe3 Nxe3 51. g7 Bxg7 52. Kxb4 Kd5 53. Nd2 Nc2+
54. Kb3 Nd4+ 55. Kb4 Nc6+ 56. Kb3 Kd4 57. Nc4 Bf8 58. Nd2 Kd3 59. Nf3 Be7 60.
Ne1+ Ke2 61. Nc2 Kd2 62. Na3 Kd3 63. Nb5 Bf8 64. Nc7 Nd4+ 65. Ka4 Kc4 66. Ka5
Kc5 67. Na6+ Kc6 68. Nb4+ Kb7 69. Nd3 Bd6 70. Nb4 Be7 71. Nd3 Kc6 72. Nb4+ Kc5
73. Nd3+ Kc4 74. Ne5+ Kd5 75. Nd3 Nc2 76. Nb2 Bf6 77. Ka4 Kc5 78. Kb3 Nd4+ 79.
Kc3 Nc6+ 80. Kb3 Kd4 1/2-1/2

[Event "TCh-CHN DivA Regular"]
[Site "Fuling CHN"]
[Date "2023.06.10"]
[Round "5.1"]
[Board "1"]
[White "Liu, Yan"]
[Black "Nie, Xinyang"]
[Result "1/2-1/2"]
[WhiteTitle "GM"]
[WhiteElo "2545"]
[BlackElo "2222"]
[WhiteTeam "Chongqing Sports Lottery"]
[BlackTeam "Chongqing Jiulongpo"]
[WhiteFideId "8608962"]
[BlackFideId "8607222"]
[EventDate "2023.06.05"]
[EventType "team"]

1. c4 c5 2. Nf3 Nc6 3. Nc3 e6 4. g3 Nge7 5. d4 cxd4 6. Nxd4 d5 7. cxd5 Nxd5 8.
Nxc6 bxc6 9. Bg2 Be7 10. O-O O-O 11. Qc2 Qb6 12. b3 Nxc3 13. Qxc3 Bb7 14. Be3 c5
15. Rac1 Bxg2 16. Kxg2 Rfc8 17. Rfd1 a5 18. a4 h6 19. f3 Bg5 20. Bxg5 hxg5 21.
Qe3 Rab8 22. Rd3 c4 23. Rxc4 Rxc4 24. bxc4 Qxe3 25. Rxe3 Rb4 26. Rc3 Rxa4 27. c5
Rb4 28. c6 Rb8 29. Ra3 Rc8 30. Rxa5 Rxc6 31. Rxg5 Rc2 32. Re5 g6 33. h4 Kg7 34.
Kf2 Ra2 35. g4 Kf6 36. f4 Ra1 37. h5 gxh5 38. Rxh5 Rb1 39. Rg5 Rb8 40. Kf3 Ra8
41. Rb5 Ra1 42. Rb8 Kg7 43. e3 Ra4 44. Rd8 Rb4 45. Rd3 Ra4 46. e4 Ra1 47. e5
Rf1+ 48. Kg3 Kg6 49. Rd6 Kg7 50. Ra6 Kh7 51. Ra4 Kg6 52. Kg2 Rb1 53. Ra6 Kg7 54.
Kf2 Rc1 55. Rd6 Ra1 56. Rd2 Kg6 57. Kg3 Rg1+ 58. Rg2 Rf1 59. Rh2 Rg1+ 60. Kf3
Rf1+ 61. Ke3 Rg1 62. g5 Rg3+ 63. Kf2 Ra3 64. Rh6+ Kg7 65. Rf6 Ra2+ 66. Ke3 Ra3+
67. Kd4 Ra4+ 68. Kc5 Ra5+ 69. Kb6 Ra4 70. g6 fxg6 71. Kc5 Ra6 72. Kb5 Ra7 73.
Kc6 Ra6+ 74. Kd7 Ra7+ 75. Kxe6 Ra6+ 76. Ke7 Ra7+ 77. Kd8 Ra8+ 78. Kc7 Ra4 79.
Rd6 Rxf4 80. Rd7+ Kf8 81. Kd6 Rd4+ 82. Ke6 Ra4 83. Rd8+ Kg7 84. Ke7 g5 85. e6 g4
86. Rd3 Ra7+ 87. Rd7 Ra8 88. Rd4 Ra7+ 89. Rd7 Ra8 90. Rd4 Ra7+ 91. Kd6 Ra6+ 92.
Ke7 1/2-1/2

[Event "TCh-CHN DivA Regular"]
[Site "Fuling CHN"]
[Date "2023.06.10"]
[Round "5.1"]
[Board "2"]
[White "Wan, Yunguo"]
[Black "Bu, Xiangzhi"]
[Result "1/2-1/2"]
[WhiteTitle "GM"]
[BlackTitle "GM"]
[WhiteElo "2504"]
[BlackElo "2694"]
[WhiteTeam "Chongqing Jiulongpo"]
[BlackTeam "Chongqing Sports Lottery"]
[WhiteFideId "8603189"]
[BlackFideId "8601445"]
[EventDate "2023.06.05"]
[EventType "team"]

1. e4 e5 2. Nf3 Nc6 3. Bb5 Nf6 4. O-O Nxe4 5. Re1 Nd6 6. Nxe5 Be7 7. Bf1 Nxe5 8.
Rxe5 O-O 9. Nc3 Ne8 10. Nd5 Bd6 11. Re1 c6 12. Ne3 Bc7 13. Nf5 d5 14. Ne7+ Kh8
15. Nxc8 Rxc8 16. d3 f5 17. Qf3 Nf6 18. g3 Qd7 19. Bf4 g6 20. Re2 Rce8 21. Rae1
Rxe2 22. Rxe2 Re8 23. Rxe8+ Nxe8 24. Bxc7 Nxc7 25. Qe3 a6 26. Qe5+ Kg8 27. c4
dxc4 28. dxc4 Qg7 29. Qe3 Kf8 30. b4 Qe7 31. Qd4 Kf7 32. Qb6 Ne8 33. b5 axb5 34.
cxb5 cxb5 35. Bxb5 Nd6 36. Bf1 Qe5 37. a4 h5 38. a5 f4 39. Qb4 g5 40. gxf4 gxf4
41. h4 Qg7+ 42. Kh1 Qf6 43. Bg2 f3 44. Qb3+ Kg6 45. Qd3+ Nf5 46. Bxf3 Qxh4+ 47.
Kg2 Qb4 48. Be4 Qxa5 49. Qd6+ Kg7 50. Qe6 Nh4+ 51. Kh3 Qg5 52. Qd7+ Kf8 53. Qc8+
Ke7 54. Qxb7+ Ke6 55. Qb3+ Kf6 56. Qb6+ Kf7 57. Qc7+ Ke6 58. Qc8+ Ke7 59. Qb7+
Ke6 60. Qa6+ Ke7 61. Qa3+ Ke6 62. Qa2+ Ke7 63. Qa7+ Ke6 64. Qb6+ Kf7 65. Qc7+
Ke6 66. Qc6+ Ke7 67. f3 Nf5 68. Qc5+ Kf6 69. Qf8+ Ke6 70. Qc8+ Kf6 71. Qh8+ Ke6
72. Qc8+ Kf6 73. Qxf5+ Qxf5+ 1/2-1/2

[Event "TCh-CHN DivA Regular"]
[Site "Fuling CHN"]
[Date "2023.06.10"]
[Round "5.1"]
[Board "3"]
[White "Zeng, Chongsheng"]
[Black "Peng, Xiongjian"]
[Result "1/2-1/2"]
[WhiteTitle "GM"]
[WhiteElo "2581"]
[BlackElo "2461"]
[WhiteTeam "Chongqing Sports Lottery"]
[BlackTeam "Chongqing Jiulongpo"]
[WhiteFideId "8603847"]
[BlackFideId "8610550"]
[EventDate "2023.06.05"]
[EventType "team"]

1. e4 e5 2. Nf3 Nc6 3. d4 exd4 4. Nxd4 Qf6 5. Nf3 Bb4+ 6. c3 Bc5 7. Be2 Nge7 8.
Bg5 Qg6 9. b4 Ne5 10. Nbd2 Bb6 11. O-O N7c6 12. Bh4 O-O 13. Nxe5 Nxe5 14. Kh1 d6
15. a4 a6 16. f4 Ng4 17. Nc4 f5 18. Bxg4 Qxg4 19. Qxg4 fxg4 20. Nxb6 cxb6 21.
Rad1 Bd7 22. Rxd6 Bxa4 23. f5 Bc2 24. Re1 Rfe8 25. Rxb6 Rxe4 26. Rxb7 Rf8 27.
Kg1 Rxf5 28. Rxe4 Bxe4 29. Re7 Bd3 30. Bf2 h5 31. Rd7 Be2 32. Rd2 Re5 33. Bg3
Re4 34. Kf2 Bb5 35. Bh4 Kf7 36. Bg5 Ke6 37. Be3 Kf5 38. Rd5+ Re5 39. Rd2 g6 40.
g3 Ke6 41. Rd4 Rf5+ 42. Rf4 Ke5 1/2-1/2

[Event "TCh-CHN DivA Regular"]
[Site "Fuling CHN"]
[Date "2023.06.10"]
[Round "5.1"]
[Board "4"]
[White "Zhang, Lanlin"]
[Black "Wang, Chuqiao"]
[Result "1-0"]
[WhiteElo "2156"]
[BlackElo "2061"]
[WhiteTeam "Chongqing Jiulongpo"]
[BlackTeam "Chongqing Sports Lottery"]
[WhiteFideId "8608032"]
[BlackFideId "8631638"]
[EventDate "2023.06.05"]
[EventType "team"]

1. e4 e5 2. Nf3 Nc6 3. Bb5 a6 4. Ba4 Nf6 5. O-O Be7 6. Re1 b5 7. Bb3 O-O 8. c3
d6 9. h3 Bb7 10. d4 Re8 11. Nbd2 Bf8 12. a3 h6 13. Bc2 Nb8 14. b3 Nbd7 15. Bb2
g6 16. a4 Bg7 17. Bd3 c6 18. Qc2 Qc7 19. dxe5 dxe5 20. b4 Bf8 21. c4 bxa4 22.
Bc3 c5 23. b5 axb5 24. cxb5 Nb6 25. Nc4 Nxc4 26. Bxc4 Bd6 27. Nd2 Nd7 28. Bf1
Nb6 29. Nc4 Nxc4 30. Bxc4 Qe7 31. Rxa4 Bc7 32. Re3 Kg7 33. Bb2 Red8 34. Rxa8
Bxa8 35. Bc3 f6 36. Re1 Bb7 37. Bd2 Rd4 38. Be3 Rd8 39. Bb3 Bb6 40. Rc1 Rc8 41.
Qc4 Qd7 42. f3 h5 43. Rd1 Qe7 44. Qe6 Qxe6 45. Bxe6 Rc7 46. Rd6 Ba5 47. b6 Rc6
48. Rd7+ Kh8 49. Bd5 1-0

[Event "TCh-CHN DivA Regular"]
[Site "Fuling CHN"]
[Date "2023.06.10"]
[Round "5.1"]
[Board "5"]
[White "Huang, Qian"]
[Black "Yang, Yijing"]
[Result "1-0"]
[WhiteTitle "WGM"]
[BlackTitle "WCM"]
[WhiteElo "2431"]
[BlackElo "2042"]
[WhiteTeam "Chongqing Sports Lottery"]
[BlackTeam "Chongqing Jiulongpo"]
[WhiteFideId "8602689"]
[BlackFideId "8608601"]
[EventDate "2023.06.05"]
[EventType "team"]

1. d4 e6 2. Nf3 Nf6 3. Bf4 d5 4. e3 Bd6 5. Ne5 O-O 6. Nd2 c5 7. c3 b6 8. Bd3 Ba6
9. Bc2 Qc7 10. Bg3 Nc6 11. f4 Rac8 12. Rc1 cxd4 13. exd4 Na5 14. Bh4 Be7 15. Qf3
Nc4 16. Ndxc4 Bxc4 17. Bxf6 Bxf6 18. Kd2 Bxe5 19. fxe5 f5 20. h4 a5 21. a4 Ba6
22. Ra1 Rb8 23. Rhb1 Qe7 24. Qf4 Qf7 25. g3 Qc7 26. Qf3 Qe7 27. Rg1 Qb7 28. Rgb1
Qe7 29. Ke3 Rf7 30. Qf4 Rbf8 31. Kd2 Qc7 32. Rg1 Qe7 33. Rg2 Qb7 34. Qf3 Qc7 35.
Rag1 Qc4 36. Kc1 Kh8 37. g4 f4 38. g5 Rb7 39. Bxh7 Qxa4 40. Bc2 Qe8 41. g6 1-0

[Event "TCh-CHN DivA Regular"]
[Site "Fuling CHN"]
[Date "2023.06.10"]
[Round "5.2"]
[Board "1"]
[White "Wang, Shixu B"]
[Black "Xu, Xiangyu"]
[Result "1/2-1/2"]
[WhiteTitle "IM"]
[BlackTitle "GM"]
[WhiteElo "2413"]
[BlackElo "2603"]
[WhiteTeam "Tianjin"]
[BlackTeam "Chengdu"]
[WhiteFideId "8610665"]
[BlackFideId "8608288"]
[EventDate "2023.06.05"]
[EventType "team"]

1. Nf3 g6 2. e4 d6 3. d4 Nf6 4. Nc3 Bg7 5. Be2 O-O 6. O-O a6 7. a4 Nc6 8. Be3
Re8 9. h3 e5 10. d5 Nd4 11. Nxd4 exd4 12. Bxd4 Nxe4 13. Bxg7 Kxg7 14. Nxe4 Rxe4
15. Bf3 Rh4 16. Ra3 Qf6 17. Rc3 Rxa4 18. Rxc7 Qxb2 19. c3 b5 20. Qe1 Rc4 21.
Rxc4 bxc4 22. Qe3 Bd7 23. Qd4+ Kg8 24. Qf6 Qb6 25. h4 h5 26. Bxh5 Qd8 27. Qxd8+
Rxd8 28. Be2 a5 29. Rb1 a4 30. Rb7 Be8 31. Ra7 Kg7 32. Kf1 Rb8 33. Ke1 Rb2 34.
Bxc4 Rc2 35. Bd3 Rxc3 36. Kd2 Rc5 37. Ra8 Kf8 38. Bc2 Rc4 39. Bd3 Rc5 1/2-1/2